Mariano Melgar y apuntes para la historia de Arequipa : (Record no. 9310)

000 -CABECERA
fixed length control field 00909nam a22002177a 4500
003 - IDENTIFICADOR DEL NÚMERO DE CONTROL
control field AR-CdUCM
008 - DATOS DE LONGITUD FIJA--INFORMACIÓN GENERAL
fixed length control field 190327b ||||| |||| 00| 0 spa d
040 ## - FUENTE DE LA CATALOGACIÓN
Agencia/entidad que catalogó originalmente la obra MUNICIPALIDAD PROVINCIAL DEL CUSCO
Entidad que transcribió la catalogación BIBLIOTECA MUNICIPAL DEL CUSCO
082 ## - NÚMERO DE LA CLASIFICACIÓN DECIMAL DEWEY
No. de Clasificación 869.541 /
Notacion interna M41R / 1950
100 ## - ENTRADA PRINCIPAL--NOMBRE DE PERSONA
Nombre Personal Rada y Gamio, Pedro José
245 ## - MENCIÓN DE TÍTULO
Título Mariano Melgar y apuntes para la historia de Arequipa :
Resto del título obra póstuma /
260 ## - PUBLICACIÓN, DISTRIBUCIÓN, ETC.
Lugar de publicación, distribución, etc. Lima :
Nombre de la editorial, distribuidor, etc. Imprenta casa nacional de la moneda,
Fecha de publicación, distribución, etc. 1950.
300 ## - DESCRIPCIÓN FÍSICA
Nº de Páginas Extensión 362 páginas ;
Dimensiones 25 cm.
505 ## - NOTA DE CONTENIDO CON FORMATO
Nota de contenido formateada Contenido: Prefacio atmosférico -- Cosmograma colonial -- En el campo, títeres y letras -- Las mocedades del poeta -- La genealogía del poeta ...
650 ## - PUNTO DE ACCESO ADICIONAL DE MATERIA--TÉRMINO DE MATERIA
Descriptor Poetas peruanos
9 (RLIN) 1611
650 ## - PUNTO DE ACCESO ADICIONAL DE MATERIA--TÉRMINO DE MATERIA
Descriptor Mariano Melgar - Biografía
9 (RLIN) 25426
650 ## - PUNTO DE ACCESO ADICIONAL DE MATERIA--TÉRMINO DE MATERIA
Descriptor Ensayos -- Siglo XX - Perú
9 (RLIN) 25427
650 ## - PUNTO DE ACCESO ADICIONAL DE MATERIA--TÉRMINO DE MATERIA
Descriptor Literatura - Ensayos - Arequipa
9 (RLIN) 25428
942 ## - ELEMENTOS DE PUNTO DE ACCESO ADICIONAL (KOHA)
Fuente de clasificación
Tipo de item Libros-BMC
945 ## - PROCESAMIENTO DE INFORMACIÓN LOCAL (OCLC)
Catalogador lccs
Holdings
Estado de retiro (separado) Fuente de clasificación o esquema de estanterías Estado dañado Ubicación Sala donde se ubica Nombre de la colección Fecha de adquisición o compra Costo, precio normal en soles Signatura topográfica Código de Barras Última vez visto (Koha) Tipo de ítem (Koha)
No     Sala Cusco Antiguo Sala Cusco Antiguo Book Cart 2019-03-27 85.00 869.541 / M41R / 1950 SCA0000010 2019-03-27 Libros-BMC
No     Sala Cusco Antiguo Sala Cusco Antiguo Book Cart 2019-03-28 85.00 869.541 / M41R / 1950 / e.3 SCA0000446 2019-03-28 Libros-BMC
No     Sala Cusco Antiguo Sala Cusco Antiguo Book Cart 2019-04-16 85.00 869.541 / M41R / 1950 / e.2 SCA0002909 2019-04-16 Libros-BMC
No     Sala Cusco Antiguo Sala Cusco Antiguo Book Cart 2019-04-16 85.00 869.541 / M41R / 1950 / e.4 SCA0003390 2019-04-26 Libros-BMC

Powered by Koha